| 000 | 00450nam a2200181Ia 4500 | ||
|---|---|---|---|
| 001 | 4410 | ||
| 005 | 20260306145754.0 | ||
| 008 | 260306t2006||||xx |||||||||||||| ||spa|| | ||
| 041 | _aESP | ||
| 082 |
_a321.8 _bC93 |
||
| 100 |
_aParra, José Francisco _eAUT |
||
| 245 | 0 |
_aDemocracia sin fronteras: _bel voto en el extranjero y la migración |
|
| 260 | _c2006 | ||
| 300 |
_a _c21 cm. |
||
| 650 | _aGEN | ||
| 654 | _aCDE | ||
| 942 |
_cLIB _dJUS _fJUS _2ddc _n |
||
| 999 |
_c4410 _d4410 |
||